| Поле | Название | Значение |
| |
Тип записи |
a |
| |
Библиографический уровень |
m |
| 001 |
Контрольный номер |
e7787f73d2594a5e9381a275a0a50286 |
| 005 |
Дата корректировки |
20160912150421.1 |
| 010 |
Индекс ISBN |
__ |
| a |
ISBN |
978-5-8031-0199-4 |
| d |
Цена |
223,00 |
| 101 |
Язык документа |
0_ |
| a |
Язык текста |
rus |
| 102 |
Страна публикации |
__ |
| a |
Страна публикации |
RU |
| 200 |
Заглавие и сведения об ответственности |
1_ |
| b |
Общее обозначение материала |
Текст |
| a |
Заглавие |
Чаяновские чтения |
| e |
Сведения, относящиеся к заглавию |
материалы Международной научно-студенческой конференции, 26 апреля 2016 г. |
| 210 |
Выходные данные |
1_ |
| a |
Место издания |
Энгельс |
| c |
Издательство |
РИЦ ПКИ |
| d |
Дата издания |
2016 |
| 215 |
Физическое описание |
__ |
| a |
Объем |
136 с. |
| 610 |
Ключевые слова |
0_ |
| a |
Ключевые слова |
сборник статей |
| a |
Ключевые слова |
научная конференция |
| a |
Ключевые слова |
студенческая конференция |
| a |
Ключевые слова |
материалы конференции |
| a |
Ключевые слова |
статьи |
| a |
Ключевые слова |
кооперация |
| a |
Ключевые слова |
история кооперации |
| a |
Ключевые слова |
потребительская кооперация |
| a |
Ключевые слова |
чаянов |
| a |
Ключевые слова |
чаяновские чтения |
| a |
Ключевые слова |
экономика |
| a |
Ключевые слова |
нобелевские лауреаты |
| a |
Ключевые слова |
ювенальная юстиция |
| a |
Ключевые слова |
право |
| a |
Ключевые слова |
логистика |
| a |
Ключевые слова |
терроризм |
| 686 |
Индексы других классификаций |
__ |
| a |
Классификационный индекс |
65.9(2)08 |
| 801 |
Источник записи |
_0 |
| a |
Страна |
RU |
| b |
Организация |
РУК |
| g |
Правила каталогизации |
PSBO |
| 801 |
Источник записи |
_1 |
| a |
Страна |
RU |
| b |
Организация |
РУК |
| g |
Правила каталогизации |
PSBO |
| 852 |
Данные о местонахождении |
__ |
| i |
Авторский знак |
Ч-32 |
| j |
Шифр хранения |
ББК 65.9(2)08 |
| 901 |
Тип документа |
__ |
| t |
Тип документа |
m |
| 937 |
Технологическая информация |
__ |
| a |
Создатель записи (имя) |
Михно |
| 938 |
Служебная информация |
__ |
| a |
Название организации |
Поволжский филиал |
| 952 |
Тип литературы |
__ |
| c |
Вид литературы |
сб. науч. тр. |